000 00736nam a2200241Ia 4500
003 OSt
005 20220926042638.0
006 a|||||r|||| 00| 0
007 ta
008 220923b |||||||| |||| 00| 0 eng d
037 _cGeneral Book
040 _aRTL
_cRTL
_beng
041 _2eng
_aeng
082 _aW:28y72.N6, K3
110 _aIndian Institute of Public Administration, Committee on Case Studies
_9346571
245 0 _aCases in Indian administration
260 _c1963
300 _axx,261p.
_ccm.
650 _aPublic Administration
_911039
700 _aIndian Institute of Public Administration, Committee on Case Studies
_9346572
942 _hW:28y72.N6, K3
_cGB
_2CC
999 _c670278
_d670278